AUDIO AND SPEECH PROCESSING WITH MATLAB / (Record no. 594421)

000 -LEADER
fixed length control field 00326nam a22001337a 4500
020 ## - INTERNATIONAL STANDARD BOOK NUMBER
Qualifying information PB.
040 ## - CATALOGING SOURCE
Transcribing agency FIZZA ISHAQ
082 ## - DEWEY DECIMAL CLASSIFICATION NUMBER
Classification number 006.45
Author Mark PAU
100 ## - MAIN ENTRY--PERSONAL NAME
Personal name HILL,R.PAUL.
9 (RLIN) 111664
245 ## - TITLE STATEMENT
Title AUDIO AND SPEECH PROCESSING WITH MATLAB /
Statement of responsibility, etc. PAUL R. HILL.
260 ## - PUBLICATION, DISTRIBUTION, ETC.
Name of publisher, distributor, etc. CRC PRESS,
Date of publication, distribution, etc. 2019.
300 ## - PHYSICAL DESCRIPTION
Extent 329 P. ;
942 ## - ADDED ENTRY ELEMENTS (KOHA)
Source of classification or shelving scheme
Koha item type Book
Holdings
Withdrawn status Lost status Source of classification or shelving scheme Damaged status Not for loan Permanent Location Current Location Date acquired Total Checkouts Full call number Barcode Date last seen Price effective from Koha item type
          NUST Baluchistan Campus (NBC) NUST Baluchistan Campus (NBC) 04/03/2023   006.45 PAU Q-6283 04/03/2023 04/03/2023 Book
© 2023 Central Library, National University of Sciences and Technology. All Rights Reserved.